000 00536nam a2200193Ia 4500
005 20250326144853.0
008 250326s9999 xx 000 0 und d
020 _a0-415-27289-0
037 _aTextbook
040 _aFMSL
_beng
_cFMSL
041 _aeng
_2eng
084 _aX:8 P2
_qFMSL
100 _aFisher T C
_9750237
245 0 _aManagerial economics: game theoretic approach
_cFisher T C And Others
260 _aNY
_bNY, Routledge
_c2002
300 _axii,328
942 _cTB
_hX:8 P2
999 _c1305394
_d1305394